La tertulia de La Nave Errante / (Record no. 179999)

MARC details
000 -LEADER
campo de control de longitud fija 01342nam a2200337 i 4500
001 - NÚMERO DE CONTROL
campo de control 179999
003 - IDENTIFICADOR DE NÚMERO DE CONTROL
campo de control ES-MaACL
005 - FECHA Y HORA DE LA ÚLTIMA TRANSACCIÓN
campo de control 20250909225037.0
008 - DATOS DE LONGITUD FIJA--INFORMACIÓN GENERAL
campo de control de longitud fija 120313s1993 sp a |||| |dspa d
020 ## - NÚMERO INTERNACIONAL ESTÁNDAR DEL LIBRO
Número Internacional Estándar del Libro 84-7584-234-8
080 ## - NÚMERO DE LA CLASIFICACIÓN DECIMAL UNIVERSAL
Número de la Clasificación Decimal Universal 7:82
080 ## - NÚMERO DE LA CLASIFICACIÓN DECIMAL UNIVERSAL
Número de la Clasificación Decimal Universal 061.237(460.235)
245 03 - MENCIÓN DEL TÍTULO
Título La tertulia de La Nave Errante /
Mención de responsabilidad, etc. Antonio Bermejo, Josep A. Pujante, Julia Emperador, Elena Salvador de Puigvert, Ana Nájera, Alfredo Gordillo, María Dolores Perea, Joaquin Callabed.
250 ## - MENCION DE EDICION
Mención de edición 1ª ed.
260 ## - PUBLICACIÓN, DISTRIBUCIÓN, ETC.
Lugar de publicación, distribución, etc. Barcelona :
Nombre del editor, distribuidor, etc. Laertes,
Fecha de publicación, distribución, etc. 1993.
300 ## - DESCRIPCIÓN FÍSICA
Extensión 363 p. :
Otras características físicas il. ;
Dimensiones 20 cm.
650 #7 - PUNTO DE ACCESO ADICIONAL DE MATERIA--TÉRMINO DE MATERIA
Término de materia o nombre geográfico como elemento de entrada Arte y literatura
Fuente del encabezamiento o término embne
9 (RLIN) 10334
651 #4 - PUNTO DE ACCESO ADICIONAL DE MATERIA--NOMBRE GEOGRÁFICO
Nombre geográfico Barcelona-
Subdivisión general Vida intelectual.
9 (RLIN) 142141
700 0# - ENTRADA AGREGADA--NOMBRE PERSONAL
Nombre de persona Bermejo Tudela, Antonio
9 (RLIN) 28082
700 1# - ENTRADA AGREGADA--NOMBRE PERSONAL
Nombre de persona Pujante Conesa, J. A.
9 (RLIN) 149600
700 1# - ENTRADA AGREGADA--NOMBRE PERSONAL
Nombre de persona Emperador, Julia.
9 (RLIN) 149601
700 1# - ENTRADA AGREGADA--NOMBRE PERSONAL
Nombre de persona Salvador de Puigvert, Elena.
9 (RLIN) 149602
700 1# - ENTRADA AGREGADA--NOMBRE PERSONAL
Nombre de persona Nájera, Ana.
9 (RLIN) 149603
700 1# - ENTRADA AGREGADA--NOMBRE PERSONAL
Nombre de persona Gordillo, Alfredo.
9 (RLIN) 149611
700 1# - ENTRADA AGREGADA--NOMBRE PERSONAL
Nombre de persona Perera, María Dolores.
9 (RLIN) 149604
700 1# - ENTRADA AGREGADA--NOMBRE PERSONAL
Nombre de persona Callabed i Carracedo, Joaquim.
9 (RLIN) 139912
852 ## - LOCALIZACIÓN
Ubicación ES-MaACL
Número de control de estantería N-5040
itemnumber 186907
Sublocalización o colección r.146962
Ubicación en estantería Depósito 1
Encuadernación Donación: Matías Escalera Cordero
Nota libre Dedicatoria autógrafa de Daniel Pacheco en nombre de Joaquín Callabed
Signatura antigua Olim: N-5040
852 ## - LOCALIZACIÓN
Ubicación ES-MaACL
Número de control de estantería L-20151
942 ## - ELEMENTOS DE ENTRADA SECUNDARIOS (KOHA)
Fuente del sistema de clasificación o colocación Clasificación decimal universal
Tipo de ítem Koha Libro impreso
Holdings
Estatus retirado Estado de pérdida Estado de daño No para préstamo Biblioteca de origen Biblioteca actual Ubicación en estantería Fecha de adquisición Fuente de adquisición Total de préstamos Signatura topográfica completa Código de barras Visto por última vez Precio de reemplazo Tipo de ítem Koha Fuente del sistema de clasificación o colocación Colección Nota pública
        Biblioteca del Ateneo de Madrid Biblioteca del Ateneo de Madrid Depósito 2 13/03/2012     L-20151 1189108 23/02/2023 23/02/2023 Libro impreso      
        Biblioteca del Ateneo de Madrid Biblioteca del Ateneo de Madrid Depósito 1 13/03/2012 Donación   A-12035 1189107 23/02/2023 23/02/2023 Libro impreso Clasificación decimal universal Libros con dedicatorias Dedicatoria autógrafa de Daniel Pacheco en nombre de Joaquín Callabed